[Event "FRA-chT4 0506"]
[Site "France"]
[Date "2005.10.16"]
[Round "1"]
[White "Sohier, Renaud"]
[Black "Pringolliet, Cyril"]
[Result "0-1"]
[WhiteElo "1950"]
[BlackElo "1965"]
[PlyCount "82"]
[EventDate "2005.10.02"]
[EventType "team-tourn"]
[EventRounds "9"]
[EventCountry "FRA"]
[SourceTitle "EXT 2007"]
[Source "ChessBase"]
[SourceDate "2006.11.23"]
[SourceVersion "1"]
[SourceVersionDate "2006.11.23"]
[SourceQuality "1"]

1. d4 Nf6 2. c4 e5 3. d5 Bc5 4. Nc3 d6 5. Qc2 Ng4 6. Ne4 Bb4+ 7. Bd2 Bxd2+ 8. Nxd2 f5 9. e3 0-0 10. Bd3 Qh4 11. Nf1 e4 12. Rd1 exd3 13. Rxd3 f4 14. e4 Qe7 15. Nd2 Bf5 16. Rf3 Qe5 17. Ne2 Bg6 18. h3 Nh6 19. b4 a5 20. b5 Nd7 21. Qc3 Qe7 22. Qd4 Rae8 23. 0-0 Bh5 24. g4 fxg3 25. Rxf8+ Rxf8 26. Nxg3 Qh4 27. Kg2 Ne5 28. f4 Ng6 29. f5 Ne5 30. Qe3 Be8 31. Rf4 Qg5 32. h4 Qf6 33. Ne2 b6 34. Kh3 Bd7 35. Rf1 Ng6 36. Nf3 Re8 37. Kh2 Nxf5 38. Qd3 Nfxh4 39. Ng3 Nxf3+ 40. Rxf3 Qh4+ 41. Kg1 Ne5 0-1

[Event "FRA-chT4"]
[Site "Ech Ardennais/La Francheville"]
[Date "2004.11.07"]
[Round "2"]
[White "Sohier, Renaud"]
[Black "Guyot, Philippe1"]
[Result "0-1"]
[WhiteElo "1910"]
[BlackElo "2062"]
[PlyCount "62"]
[EventDate "2004.10.10"]
[EventType "team-tourn"]
[EventRounds "3"]
[EventCountry "FRA"]
[SourceTitle "EXT 2007"]
[Source "ChessBase"]
[SourceDate "2006.11.23"]
[SourceVersion "1"]
[SourceVersionDate "2006.11.23"]
[SourceQuality "1"]

1. d4 Nf6 2. c4 e5 3. d5 Bc5 4. Nc3 d6 5. b4 Bd4 6. Bb2 a5 7. a3 0-0 8. e3 Bxc3+ 9. Bxc3 Ne4 10. Bb2 f5 11. Bd3 Na6 12. Ne2 Bd7 13. Bxe4 fxe4 14. Ng3 axb4 15. axb4 Nxb4 16. Rxa8 Qxa8 17. 0-0 Nd3 18. Qc2 Qa4 19. Qxa4 Bxa4 20. Ba3 Bb3 21. c5 Ra8 22. cxd6 cxd6 23. Bxd6 Bxd5 24. f3 exf3 25. gxf3 b5 26. Nf5 Bc4 27. Ne7+ Kf7 28. f4 exf4 29. Nc6 Ra6 30. Ne5+ Nxe5 31. Bxe5 Bxf1 0-1

[Event "FRA-chT4 0102"]
[Site "Champagne Ardenne"]
[Date "2001.12.09"]
[Round "3"]
[White "Sohier, Renaud"]
[Black "Picard, Serge"]
[Result "0-1"]
[WhiteElo "1910"]
[BlackElo "2010"]
[PlyCount "50"]
[EventDate "2002.10.??"]
[EventType "team-tourn"]
[EventRounds "7"]
[EventCountry "FRA"]
[SourceTitle "EXT 2005"]
[Source "ChessBase"]
[SourceDate "2004.11.15"]
[SourceVersion "1"]
[SourceVersionDate "2004.11.15"]
[SourceQuality "1"]

1. d4 Nf6 2. c4 d5 3. g3 Bf5 4. Bg2 c6 5. Nf3 Nbd7 6. 0-0 e6 7. Nc3 Bd6 8. Re1 h6 9. Nd2 0-0 10. e4 dxe4 11. Ndxe4 Bc7 12. b4 Nb6 13. Nc5 Rb8 14. b5 Nxc4 15. bxc6 bxc6 16. Bxc6 Ba5 17. N5a4 Rc8 18. d5 exd5 19. Bxd5 Nb6 20. Re5 Bxc3 21. Nxc3 Rxc3 22. Rxf5 Nbxd5 23. Bb2 Rc7 24. Qf3 Re8 25. Rd1 Rd7 0-1